Compartir docencia en la universidad (Registro nro. 4856)

Detalles MARC
000 -LEADER
fixed length control field 01965 a2200241 4500
001 - CONTROL NUMBER
control field 49490
005 - DATE AND TIME OF LATEST TRANSACTION
control field 20260407155758.0
008 - FIXED-LENGTH DATA ELEMENTS--GENERAL INFORMATION
fixed length control field 260407a2019 arg spa d
003 - CONTROL NUMBER IDENTIFIER
control field AR-UNSa-BCEJYS
040 ## - CATALOGING SOURCE
Original cataloging agency AR-UNSa-BCEJYS
Language of cataloging spa
Transcribing agency AR-UNSa-BCEJYS
080 ## - UNIVERSAL DECIMAL CLASSIFICATION NUMBER
Universal Decimal Classification number 378
Common auxiliary subdivision Enseñanza superior. Universidades. Escuelas especiales
020 ## - INTERNATIONAL STANDARD BOOK NUMBER
International Standard Book Number 978-84-17667-12-2
041 ## - LANGUAGE CODE
Language code of text/sound track or separate title spa
100 1# - MAIN ENTRY--PERSONAL NAME
Personal name Hernández y Hernández, Fernando
245 10 - TITLE STATEMENT
Title Compartir docencia en la universidad
Name of part/section of a work ¿Cómo es que venís juntos a clase?
264 #1 - PRODUCTION, PUBLICATION, DISTRIBUTION, MANUFACTURE, AND COPYRIGHT NOTICE
Place of production, publication, distribution, manufacture Barcelona :
Name of producer, publisher, distributor, manufacturer Ediciones Octaedro
Date of production, publication, distribution, manufacture, or copyright notice 2019
300 ## - PHYSICAL DESCRIPTION
Extent 136 p.
Dimensions 21 cm.
505 ## - FORMATTED CONTENTS NOTE
Formatted contents note 1. Esbozar el campo de la colaboración en la docencia universtiaria / Fernando Hernández y Hernández; Paulo Padilla Petry – 2. Colaboraciones docentes en la trayectoria del grupo / Joan-Anton Sánchez Valero; Fernando Herraiz García – 3. Ni tú, ni yo. Las clases compartidas como espacios de encuentro y alquimia pedagógica / Cristina Alonso Cano; Raquel Miño Puigcercós – 4. Enseñar y aprender en compañía / Judit Onsés Segarra; Juana M. Sancho Gil – 5. Compartir desde una trama de desplazamientos / Aurelio Castro Varela; Fernando Hernández y Hernández – 6. <Wonder> Como excusa, elegimos ser amables / Judit Onsés Segarra; Carlos Montero de Gea; Anna Forés Miravalles – 7. Compartir en la distancia desayunos pedagógicos en un curso de investigación basada en las artes / Carlos Canales Bonilla; Fernando Hernández y Hernández - 9. Cuando tres no son multitud / Judit Onsés Segarraa, Fernando Hernández y Hernández; Juana M. Sancho Gil - 10. Retos y posibilidades de la docencia compartida. Una síntesis a partir de las vivencias del profesorado / Beatriz Revelles-Benavente; Pablo Rivera Vargas -
590 ## - LOCAL NOTE (RLIN)
Local note niveau_biblio:m niveau_hierar:0
700 1# - ADDED ENTRY--PERSONAL NAME
Personal name Herraiz García, Fernando
856 41 - ELECTRONIC LOCATION AND ACCESS
Uniform Resource Identifier <a href="https://www.biblioeco.unsa.edu.ar/pmb/images/libros/L128141.jpg">https://www.biblioeco.unsa.edu.ar/pmb/images/libros/L128141.jpg</a>
Link text Imagen de portada
Electronic format type image/jpeg
942 ## - ADDED ENTRY ELEMENTS (KOHA)
Koha item type
Existencias
Withdrawn status Lost status Damaged status Not for loan Home library Current library Shelving location Date acquired Total checkouts Full call number Barcode Date last seen Price effective from Koha item type
        Biblioteca Prof. Eusebio Cleto del Rey Biblioteca Prof. Eusebio Cleto del Rey   07/04/2026   P378 H557 L128141 07/04/2026 07/04/2026 Libro